Szczegóły MARC21

Aspekty i źródła profesjonalnej refleksji nauczyciela /

003 -Nazwa inst., której nr kontr. jest w polu 001 [,]
    • @
    • Nazwa instytucji, której n kontrolny jest w polu 001
    • NUKAT
005 -DATA I CZAS OSTATNIEJ MODYFIKACJI [,]
    • @
    • pole kontrolne
    • 20241231111943.0
020 -Międzynarod. znormalizowany nr książki - ISBN [ , ]
    • a
    • Numer ISBN
    • 8387284025 Find
040 -Instytucja sporządzająca opis [ , ]
    • a
    • Instytucja, która sporządziła opis (NP)
    • NUKAT
    • c
    • Instytucja, która sporządziła rekord (NP)
    • WA U/JL
    • d
    • Instytucja, która zmodyfikowała rekord (P)
    • WA U/JEK
041 -Język dokumentu [0, ]
    • a
    • Język tekstu (P)
    • polski
    • b
    • Język streszczeń lub abstraktu (P)
    • angielski
942 -Rodzaj dokumentu [ , ]
    • c
    • Rodzaj dokumentu
    • Książka
100 -Hasło główne - nazwa osobowa [1, ]
    • a
    • Nazwa osobowa (NP)
    • Czerepaniak-Walczak, Maria
    • d
    • Daty biograficzne (NP)
    • (1947- ).
    • 9
    • KHW
    • 18875
245 -Strefa tytułu i oznaczenia odpowiedzialności [1,0]
    • a
    • Tytuł
    • Aspekty i źródła profesjonalnej refleksji nauczyciela / Find
    • c
    • Pozostałe elementy strefy tytułu i oznaczenia odpowiedzialności (NP)
    • Maria Czerepaniak-Walczak.
260 -Strefa adresu wydawniczego [ , ]
    • a
    • Miejsce wydania (P)
    • Toruń :
    • b
    • Nazwa wydawcy (P)
    • Edytor,
    • c
    • Data wydania (P)
    • 1997.
300 -Strefa opisu fizycznego [ , ]
    • a
    • Określenie formy książki i/lub objętość (NP)
    • 148 s. ;
    • c
    • Format (NP)
    • 24 cm.
336 -Typ zawartości [ , ]
    • a
    • Termin opisujący typ zawartości
    • Tekst
    • b
    • Kod określający zawartość
    • txt
    • 2
    • Źródło (terminu i kodu)
    • rdacontent
337 -Typ mediów [ , ]
    • a
    • Tryb odtwarzania
    • Bez urządzenia pośredniczącego
    • b
    • Kod typu mediów
    • n
    • 2
    • Źródło (terminu i kodu)
    • rdamedia
338 -Typ/rodzaj nośnika [ , ]
    • a
    • Hasło opisujące typ nośnika
    • Wolumin
    • b
    • Kod typu nośnika
    • nc
    • 2
    • Źródło (terminu i kodu)
    • rdacarrier
546 -Uwaga dot. języka [ , ]
    • a
    • Uwaga dot. języka
    • Streszcz. w jęz. ang.
650 -Hasło przedmiotowe [ ,7]
    • a
    • Hasło przedmiotowe
    • Nauczyciele
    • x
    • Określnik rzeczowy
    • psychologia.
    • 2
    • Źródło terminu
    • kaba
    • 9
    • KHW
    • 358938
650 -Hasło przedmiotowe [ ,7]
    • a
    • Hasło przedmiotowe
    • Nauczyciele
    • x
    • Określnik rzeczowy
    • praca.
    • 2
    • Źródło terminu
    • kaba
    • 9
    • KHW
    • 349592
650 -Hasło przedmiotowe [ ,7]
    • a
    • Hasło przedmiotowe
    • Nauczyciele
    • x
    • Określnik rzeczowy
    • postawy.
    • 2
    • Źródło terminu
    • kaba
    • 9
    • KHW
    • 120706
920 -ISBN [ , ]
    • a
    • ISBN
    • 83-87284-02-5 Find
Sygnatura Data inwentaryzacji Lokalizacja Status udost. Numer inwentarzowy
Z.929611998-12-14BG1Z.92961
W.2012852000-02-22BG-5W.201285
W.2012852000-02-22BG-5W.201286
W.2012852000-02-22BG-5W.201287
W.2012852000-02-22BG-5W.201288
W.2012852000-02-22BG-5W.201289
W.2012852000-02-22BG-5W.201290
W.2012852000-02-22BG2W.201291
W.2012852000-02-22BG2W.201292
W.2012852000-02-22BG2W.201293
W.2012852000-02-22BG2W.201294
W.2012852000-02-22BG2W.201295
W.2012852000-02-22BG2W.201296
W.2012852000-02-22BG2W.201297
W.2012852000-02-22BG2W.201298
W.2012852000-02-22BG2W.201299
W.2012852000-02-22BG2W.201300
W.2012852000-02-22BG2W.201301
W.2012852000-02-22BG2W.201302
W.2012852000-02-22BG2W.201303
W.2012852000-02-22BG2W.201304
W.2012852000-02-22BG2W.201305
W.2012852000-02-22BG2W.201306
W.2012852000-02-22BG2W.201307
W.2012852000-02-22BG2W.201308
W.2012852000-02-22BG2W.201309
W.2012852000-02-22BG2W.201310
W.2012852000-02-22BG2W.201311
W.2012852000-02-22BG2W.201312
W.2012852000-02-22BG2W.201313
W.2012852000-02-22BG2W.201314
W.2012852000-02-22BG2W.201315
W.2012852000-02-22BG2W.201316
W.2012852000-02-22BG2W.201317
W.2012852000-02-22BG2W.201318
W.2012852000-02-22BG2W.201319
W.2012852000-02-22BG2W.201320
W.2012852000-02-22BG2W.201321
W.2012852000-02-22BG2W.201322
W.2012852000-02-22BG2W.201323
W.2012852000-02-22BG2W.201324
W.2012852000-02-22BG2W.201325
W.2012852000-02-22BG2W.201326
W.2012852000-02-22BG2W.201327
W.2012852000-02-22BG2W.201328
W.2012852000-02-22BG2W.201329
W.2012852000-02-22BG2W.201330
W.2012852000-02-22BG2W.201331
W.2012852000-02-22BG2W.201332
W.2012852000-02-22BG2W.201333
W.2012852000-02-22BG2W.201334
 2005-04-12BG-5WM.3610
Dydaktyka jęz. obcych 302019-08-27BM1P.27448
 1998-12-14BNS1Pd.11781
 1998-12-14BNS-3Pd.11782
 1998-12-14BNS-3F.28658
 2000-02-22WF1M.2826